000 00841cab a2200253 4500
001 WB3341-58
008 090401t1997 xxu||||| |||| 00| 0 eng d
035 _a(Sirsi) u81626
041 _aeng
245 _aProtecting countryside roads
260 _c1997
350 _a0
490 _aTimes
_v21 October 1997, 9(1)
520 _aThe Countryside Commission has called on the Government to reorganise speeding fines and ban cars and lorries on some minor roads, in order to protect the countryside and rural roads.
650 _aCOUNTRYSIDE COMMISSION
650 _aCOUNTRYSIDE
650 _aPROPERTY-INFRASTRUCTURE-TRANSPORT INFRASTRUCTURE-ROAD INFRASTRUCTURE
650 _aRURAL AREAS
650 _aSPEED LIMITS
650 _aTRAFFIC CALMING
690 _aTRANSPORT AND COMMUNICATIONS
942 _n0
948 _c22/10/1997
999 _c51443
_d51443